| 000 | 00838nam a2200241 a 4500 | ||
|---|---|---|---|
| 001 | BRCA_7290 | ||
| 005 | 20190320205801.0 | ||
| 008 | 020412s2011----cc-a######---#000-0#eng-# | ||
| 020 | _a9780295991627 | ||
| 041 | _aeng | ||
| 044 | _acc | ||
| 050 | 4 |
_aNK4085 _b.S74 2011 |
|
| 100 | 1 |
_aStevenson, John A. _918041 |
|
| 245 | 1 | 0 |
_aDragons and Lotus Blossoms _bVietnamese Ceramics from the Birmingham Museum of Art _cby John A. Stevenson and Donald A. Wood ; with an essay by Philippe Truong. |
| 260 |
_aChina _bBirmingham Museum of Art _c2011 |
||
| 300 |
_a263 p. _bil. a color _c26 cm. |
||
| 504 | _aBibliografĂa: p. 259-263 | ||
| 610 | 2 | 4 |
_aBirmingham Museum of Art _xColecciones de arte _918042 |
| 650 | 1 | 4 |
_aCerámica _zVietnam _918043 |
| 700 | 1 |
_aWood, Donald A. _ecoaut. _918044 |
|
| 700 | 1 |
_aTruong, Philippe _918045 |
|
| 942 |
_2lcc _cB |
||
| 999 |
_c6968 _d6968 |
||